000 00520nam a2200181 i 4500
001 118437
003 ES-MaACL
005 20260112144617.0
007 t|
008 070214s1969 sp f |||| |bspa d
100 1 _aPérez Aguado, Lorenzo.
_990624
245 1 0 _aPerfil humano de Rafael Narbona /
_cLorenzo Pérez Aguado.
260 _aMadrid :
_bQuevedo,
_c1969.
300 _a422 p. 8 lám. ;
_c18 cm.
600 1 4 _aNarbona, Rafael,
_d1911-1972
_9242685
852 _aES-MaACL
_jC-51203
999 _c118437
_d118437